| 000 | 00769nam a22002417a 4500 | ||
|---|---|---|---|
| 001 | 321 | ||
| 003 | FISKH | ||
| 005 | 20230321124332.0 | ||
| 008 | 230321b cb ||||| |||| 00| 0 eng d | ||
| 020 | _a9781454915072 | ||
| 040 |
_aFISKH _beng _cFISKH _dFISKH |
||
| 050 | _aPZ7 | ||
| 082 | _a853.92 | ||
| 100 | _aFrancia, Giada | ||
| 245 |
_aBeauty and the beast _bA fairy tale adventure |
||
| 250 | _aFirst Sterling edition 2015 | ||
| 260 |
_aToronto _bSterling _c2015 |
||
| 300 |
_a61 p. _c22 cm. |
||
| 520 | _aIn order to save her father's life, Belle has no choice but to go the Beast's palace and live with him. But will she learn there's more to this monster than first meets the eye? | ||
| 521 | 8 |
_a800 _bLexile |
|
| 521 | 8 |
_aM
_bRaz-Plus |
|
| 942 |
_2ddc _cBK _n0 |
||
| 999 |
_c321 _d321 |
||